000 04823nab a2200349 i 4500
003 BR-BrBNA
005 20250930151355.0
008 250930b2017 bl.|r|pooa||| 00| 0 eng |
040 _aBR-BrBNA
_beng
072 _aH20
_b0940
072 _aH01
100 _aLima, Meridiana Araujo Gonçalves
100 _aPeixoto, Ana Rosa
100 _aBorges, Ivanildo Viana
100 _aSilva, Matheus Silva e
100 _aBarbosa, Maria Angélica Guimarães
100 _aCavalcanti, Leonardo Sousa
245 _aInduction of resistance to Xanthomonas campestris pv. viticola in grapevine plants
500 _a Publicação online; 25 ref.; 5 illus.; Summaries (En, Pt)
520 _a ABSTRACT – The objective of this work was to evaluate the effect of Saccharomyces cerevisiae (SC), Acibenzolar-S-Methyl (ASM), organic acids and polyphenols (OAP) and potassium silicate (SiK) on protecting grapevine plants (cv. Redglobe) from Xanthomonas campestris pv. viticola. Four application rates for each product (SC at 2.0, 2.50, 3.0, 3.50 and 4.0 mL 100 L-1; ASM and OAP at 2.50, 3.00, 3.50, 4.50 and 6.00 mL 100 L-1 and SiK at 5.00, 6.50, 7.50 and 8.50 mL 100 L-1) in different application times (0, 5, 10, and 15 days before inoculation), and the enzymatic activity of peroxidases, phenylalanine ammonia-lyase and β-1,3 glucanases were evaluated. Plants were inoculated with a bacterial suspension of 5 x 108 CFU mL-1 by rubbing with gauze. The epidemiological variables incidence (INC), severity (SEV) and area under the disease progress curve (AUDPC) were assessed. The treatment with ASM had the lowest averages of INC (38%) and SEV (1.52%) from 3 g 100 L-1. The application of 4.5 mL 100 L-1 of OAP reduced the plant disease in 52% of INC and 2.45% of SEV. SiK and SC presented no significant reduction in these variables compared to control. The ASM applied 15 days before the inoculation (DBI) reduced the disease in 91.31% and the APO in 73.34%, while SC and SiK reduced the disease in 67.49 and 60.11%, respectively, with applications at 5 DBI. There was no increase of peroxidase activity in any of the treatments. There was a significant increase in activity of β-1,3 glucanases and phenylalanine ammonia-lyase in plants treated with ASM at 15 DBI, indicating an influence on the induction of resistance of plants to this disease. Index terms: Bacterial canker, phenylalanine ammonia-lyase, β-1,3 glucanase.
520 _a RESUMO - Este trabalho objetivou avaliar o efeito de: Saccharomyces cerevisiae (SC), Acibenzonlar-SMethyl (ASM), ácidos orgânicos e polifenóis (AOP) e silicato de potássio (SiK) na proteção de mudas de videira cv. Redglobe à Xanthomonas campestris pv. viticola. Foram avaliados para cada produto quatro doses: SC 2,0; 2,50; 3,0; 3,50 e 4,0 mL 100 L-1, ASM e AOP 2,50; 3,00; 3,50; 4,50 e 6,00 mL 100 L-1 e SiK 5,00, 6,50, 7,50 e 8,50 mL 100 L-1) em diferentes períodos de aplicação: 0, 5, 10, e 15 dias antes da inoculação bem como, a atividade enzimática de peroxidase, fenilalanina amônia-liase e β-1,3 glucanases. As plantas foram inoculadas com suspensão bacteriana a 5 x 108 UFC. mL-1 pelo método da fricção com gaze. As variáveis epidemiológicas da doença avaliadas foram: incidência (INC), severidade (SEV) e área abaixo da curva progresso e severidade da doença (AUDPC). As menores médias de INC e SEV foram auferidas pelo ASM com 38% e 1,52%, respectivamente, a partir da aplicação com 3g 100 L -1. A aplicação de 4,5mL 100 L-1 de AOP reduziu a doença com plantas com 52% de INC e 2,45 de SEV. SiK e SC não apresentaram redução significativa nestas variáveis com relação a testemunha. Pulverização com ASM 15 dias antes da inoculação (DAI) reduziu a doença em 91,31% e AOP em 73,34%, enquanto que SC e SiK reduziram a doença em 67,49 e 60,11% respectivamente com pulverização aos 5 (DAI). Em nenhum dos tratamentos houve incremento da atividade de peroxidase. Houve significativa elevação da atividade de β-1,3 glucanases e fenilalanina amônia-liase em plantas pulverizadas com ASM aos 15 dias (DAI), indicando haver influência na indução de resistência das plantas a doença. Termos para indexação: Cancro bacteriano, fenilalanina amônia-liase, β-1,3 glucanases
650 _aUVA
650 _aMUDA
650 _aDOENÇA DE PLANTA
650 _aCANCRO BACTERIANO
650 _aPERDA DA PRODUÇÃO
650 _aDEFESA VEGETAL
773 0 _0805
_9317027
_dJaboticabal-SP Sociedade Brasileira de Fruticultura 1978
_o2024-3589
_tRevista Brasileira de Fruticultura (Brazil)
_x0100-2945
_gv. 39(2) p. 1-10; (2017)
_wBR2025002471
856 _uhttps://www.scielo.br/j/rbf/a/mKbxgnc87QKnqTBzXHjRNTr/?format=pdf&lang=en
942 _cANA
999 _c338477
_d338477